000 00750nam a2200205 i 4500
001 15866
003 ES-MaACL
005 20240503101438.0
007 t|
008 000509s1982 pr ||||1| spa d
080 _a821.134.2 Jiménez, Juan Ramón 1.06
100 1 _aZardoya, Concha,
_d1914-2004
_9118071
245 1 0 _aJuan Ramón Jiménez y la "fugitiva" realidad /
_cConcha Zardoya.
260 _aPuerto Rico :
_bSin Nombre,
_c1982.
300 _aP. 106-123 ;
_c24 cm.
500 _aSeparata de: "Sin Nombre", vol. XII, nº 3, abril-junio de 1982, San Juan de Puerto Rico.
600 1 4 _aJiménez, Juan Ramón,
_d1881-1958-
_xCrítica e interpretación
_966422
852 _aES-MaACL
_j2034-F-32
_bR.115949
999 _c15866
_d15866